[Event "Dundee & Angus op Challengers"]
[Site "Dundee"]
[Date "2012.10.14"]
[Round "5"]
[White "Robinson, Stephen"]
[Black "McGovern, Patrick"]
[Result "1/2-1/2"]
[WhiteElo "1707"]
[BlackElo "1725"]
[PlyCount "25"]
[EventDate "2012.10.12"]
[EventType "swiss"]
[EventRounds "5"]
[EventCountry "SCO"]
[SourceTitle "EXT 2017"]
[Source "ChessBase"]
[SourceDate "2016.10.25"]
[SourceVersion "1"]
[SourceVersionDate "2016.10.25"]
[SourceQuality "1"]

1. b4 d5 2. Bb2 Bf5 3. e3 e6 4. a3 Nf6 5. f4 Nbd7 6. Nf3 h6 7. Be2 c5 8. bxc5 Bxc5 9. Nc3 a6 10. a4 Rc8 11. Ne5 Nxe5 12. fxe5 Ne4 13. Nxe4 1/2-1/2

[Event "Brezova op"]
[Site "Brezova pod Bradlom"]
[Date "2010.08.29"]
[Round "9"]
[White "McGovern, Patrick"]
[Black "Skapikova, Lubica"]
[Result "0-1"]
[WhiteElo "1882"]
[BlackElo "1926"]
[PlyCount "66"]
[EventDate "2010.08.22"]
[EventType "swiss"]
[EventRounds "9"]
[EventCountry "SVK"]
[SourceTitle "CBM 138 Extra"]
[Source "ChessBase"]
[SourceDate "2010.10.29"]
[SourceVersion "1"]
[SourceVersionDate "2010.10.29"]
[SourceQuality "1"]

1. e4 e5 2. Bc4 Nf6 3. d4 exd4 4. Nf3 Nc6 5. e5 d5 6. exd6 Bxd6 7. 0-0 0-0 8. Bg5 Bg4 9. Bb5 h6 10. Bh4 Ne5 11. Nbd2 Ng6 12. Bxf6 Qxf6 13. Ne4 Qf4 14. Nxd6 Bxf3 15. Qxf3 Qxd6 16. Rfe1 c6 17. Bd3 Rae8 18. a3 Re5 19. Re4 f5 20. Re2 Rxe2 21. Bxe2 Ne5 22. Qb3+ Kh8 23. Qxb7 Rb8 24. Qxa7 Rxb2 25. g3 Rxc2 26. Bh5 d3 27. Rb1 d2 28. Qa8+ Kh7 29. Rb8 d1Q+ 30. Bxd1 Qxd1+ 31. Kg2 Qf3+ 32. Kh3 Nf7 33. Qa7 Ng5+ 0-1

[Event "Brezova op"]
[Site "Brezova pod Bradlom"]
[Date "2010.08.24"]
[Round "3"]
[White "McGovern, Patrick"]
[Black "Cherednichenko, Elena"]
[Result "0-1"]
[WhiteElo "1882"]
[BlackElo "2137"]
[PlyCount "104"]
[EventDate "2010.08.22"]
[EventType "swiss"]
[EventRounds "9"]
[EventCountry "SVK"]
[SourceTitle "CBM 138 Extra"]
[Source "ChessBase"]
[SourceDate "2010.10.29"]
[SourceVersion "1"]
[SourceVersionDate "2010.10.29"]
[SourceQuality "1"]

1. e4 e5 2. Bc4 Nf6 3. d4 exd4 4. Nf3 Nc6 5. e5 d5 6. Bb5 Ne4 7. Nxd4 Bd7 8. Nxc6 bxc6 9. Bd3 Nc5 10. 0-0 Nxd3 11. Qxd3 g6 12. Be3 Qe7 13. Re1 Qb4 14. Qc3 Qxc3 15. Nxc3 Bf5 16. Re2 a6 17. Na4 Rb8 18. b3 Rb5 19. Rd1 Be7 20. Bh6 g5 21. h4 gxh4 22. Rd4 Rg8 23. f3 Rb4 24. Be3 h5 25. Kh2 Be6 26. Rxb4 Bxb4 27. Bf2 Be7 28. Nc5 Bc8 29. Nd3 Bg5 30. b4 Rg6 31. Bd4 Rg8 32. Bf2 Kd8 33. Nc5 Re8 34. Bd4 Bf4+ 35. Kh1 Rg8 36. Bf2 Bg5 37. Nd3 Ke8 38. Kh2 Kd8 39. Nc5 Re8 40. Nd3 Bf5 41. Nc5 Rxe5 42. Rxe5 Bf4+ 43. Kg1 Bxe5 44. Bxh4+ Ke8 45. Nxa6 Bxc2 46. Bf2 d4 47. Nc5 d3 48. Be1 Bf4 49. Ne4 Be3+ 50. Kf1 f5 51. Nd2 Bd1 52. Nc4 Be2# 0-1